=LDR 00000nam 2200000 4500 =001 INLIS000000000026278 =005 20130612124730 =008 ***********************************Ind** =035 ##$$0010-061300000026278 =041 ##$$a Ind =082 ##$$a 750 =090 ##$$a 750, Ham p =100 ##$$a Hambor, Rohman Rohim =245 ##$$a Panduan dasar melukis dengan cat minyak, Rahman Rahim Hambor =260 ##$$a 2005 $b Jakarta =300 ##$$a 48 hlm, ilus, 28 cm =650 ##$$a Melukis =850 ##$$a NBPNMAT